000 00794nam a2200265Ia 4500
003 OSt
005 20220924115341.0
006 a|||||r|||| 00| 0
007 ta
008 220923b |||||||| |||| 00| 0 urd d
020 _a938663535767 (hbk)
020 _cINR 300.00
024 _a352130
037 _b2411, 03/03/2020, M.R. Publications
_cTextual
040 _aARTS
_cARTS
_burd
041 _2urd
_aurd
082 _aO168,1NJA1x, Q9
100 _aJamal Usmana Akhtar Au.
_9177904
245 0 _aRanaiyan dard ki
260 _aDelhi
_bArshia publications India
_c2019
300 _a294p.
_ccm.
650 _aURDU POETRY
942 _hO168,1NJA1x, Q9
_cTEXL
_2CC
999 _c397953
_d397953